Films qui sortent en 2026 en France (mort subite) - Statistiques

Statistiques générales
  • Ce quiz a été pris 89 fois
    85 depuis la dernière actualisation
  • Le résultat moyen est 5 sur 11
Answers on the Grid
Answers color-coded by a green-red scale on the quiz's grid according to % correct below.
Spider-Man: Brand New Day
Astérix - Le Royaume de Nubie
Super Mario Galaxy, le film
Hurlevent
Scream 7
Le Diable s'habille en Prada 2
Avengers : Secret Wars
Mortal Kombat II
Kaamelott - Deuxième Volet : Partie 5
Le Monde de Narnia - Le Neveu du magicien
La soupe aux choux 2
Scary Movie 6
Toy Story 4
La Bataille de Gaulle - Partie 2 : J'écris ton nom
Michael
Dune - 2 ème partie
 
Statistiques - réponses
Réponse % Correct
Spider-Man: Brand New Day
72%
Super Mario Galaxy, le film
71%
Le Diable s'habille en Prada 2
62%
Scream 7
56%
Hurlevent
41%
Astérix - Le Royaume de Nubie
38%
Michael
38%
Mortal Kombat II
35%
Scary Movie 6
35%
La Bataille de Gaulle - Partie 2 : J'écris ton nom
16%
Le Monde de Narnia - Le Neveu du magicien
16%
Aucun quiz correspondant
Distribution des résultats
% des personnes avec chaque résultat
Percentile par nombre de réponses
Votre historique - résultats
Vous n’avez pas pris ce quiz depuis la dernière actualisation